000 00314nam a2200133Ia 4500
008 220216s9999 xx 000 0 und d
100 _aJacob Jom
245 0 _aChanges in Asian NR sector
260 _bPolymers & Tyre Asia
_c2015
300 _a52-53
650 _aNR sector
650 _aNR trading
942 _cBS
999 _c49766
_d49766